000
00326nam a2200133Ia 4500
008
190216s9999||||xx |||||||||||||| ||und||
100
_a
Sreedhara Menon.A
245
0
_a
Survey Of Kerala History
250
_a
REVISED EDITION
260
_b
S Vishwanathan
_c
2003
300
_a
474p
650
_a
History Of Malaya
942
_c
BK
999
_c
18638
_d
18638